000 00792nam a22002777a 4500
001 BR8105500
003 BR-BrBNA
005 20230928091037.0
007 ta
008 230509b bl.||||| |||| 00| 0 por d
040 _aBR-BrBNA
_bpor
_cBiblioteca Nacional de Agricultura
041 _a(Por)
072 _aP05
_b4620
_b/G514
090 _ 4620 BR8105500
110 1 _aSecretaria da Agricultura e Abastecimento do Estado de Sao Paulo, Sao Paulo (Brasil)
_98277
245 1 _aBiodigestores [Combustivel; Biogas; Biomassa; Energia; Brasil]
260 3 _aSao Paulo, SP (Brasil):
_c1981.
300 _a14 p.
650 _aBIODIGESTOR
650 _aENERGIA
650 _aCOMBUSTIVEL
650 _aBIOGAS
650 _aBIOMASSA
909 _a202309
_bLucia
_c55
_dLucia Elande
942 _cBK
999 _c31928
_d31928